Az elektromos autókban rejlő lehetőségek Magyarországon

Bibliográfiai részletek
Szerző: Lendvai György
További közreműködők: Pellicer Ramírez Francisco
Dokumentumtípus: Diplomadolgozat
Kulcsszavak:Elektromos autók
Gépjármű
Alternatív energiaforrás
Gazdaság
Környezetvédelem
Fogyasztói társadalom
Online Access:http://dolgozattar.uni-bge.hu/2305

MARC

LEADER 00000nta a2200000 i 4500
001 dolg2305
005 20160415101355.0
008 160415suuuu hu om 000 hun d
040 |a BGE Dolgozattár Repozitórium  |b hun 
041 |a hu 
100 1 |a Lendvai György 
245 1 3 |a Az elektromos autókban rejlő lehetőségek Magyarországon  |c Lendvai György  |h [elektronikus dokumentum] 
246 1 1 |a Az elektromos autókban rejlő lehetőségek Magyarországon 
246 1 1 |a The potential of electric vehicles in Hungary 
695 |a Elektromos autók 
695 |a Gépjármű 
695 |a Alternatív energiaforrás 
695 |a Gazdaság 
695 |a Környezetvédelem 
695 |a Fogyasztói társadalom 
700 1 |a Pellicer Ramírez Francisco  |e ths 
856 4 0 |u http://dolgozattar.uni-bge.hu/2305/1/Szakdolgozat_beta1%20%281%29_v_final1.pdf  |z Dokumentum-elérés